000 00905nam a2200277 i 4500
001 bg
003 KOSZ 005
005 20200713135252.0
008 000925s2000 pl a f |001 0 pol
015 _aPB 2000/17469
020 _a8391375501
035 _a(OCoLC)749659872
040 _aWA N
_cKOSZ 005/HR
_dKOSZ 005/HR
041 0 _apol
080 _a504:62
100 1 _aWiąckowski, Stanisław Kazimierz
_d(1929- )
_eAutor
245 1 0 _aPrzyrodnicze podstawy inżynierii środowiska /
_cStanisław K. Wiąckowski.
260 _aKielce :
_bStanisław K. Wiąckowski,
_c2000.
300 _a597 s. :
_bil., mapy ;
_c24 cm.
380 _aKsiążki.
504 _aBibliogr. - Indeks.
658 _aInżynieria i technika
650 4 _aInżynieria środowiska
856 _uhttp://koha.tu.koszalin.pl/cgi-bin/koha/opac-detail.pl?biblionumber=40511
_yKatalog online BPK
942 _2UKD
_cKS
999 _c40511
_d40511